| 000 -LEADER |
| fixed length control field |
00755cam a2200205Ii 4500 |
| 020 ## - INTERNATIONAL STANDARD BOOK NUMBER |
| ISBN |
0803114141 |
| 040 ## - CATALOGING SOURCE |
| Transcribing agency |
GZM |
| 082 ## - DEWEY DECIMAL CLASSIFICATION NUMBER |
| Classification number |
632 COL 1992 A052 Or. |
| 245 00 - TITLE STATEMENT |
| Title |
Pesticide formulations and application systems : |
| Remainder of title |
11th volume / |
| 300 ## - PHYSICAL DESCRIPTION |
| Number of Pages |
viii, 294 pages : |
| Other physical details |
illustrations ; |
| Dimensions |
24 cm |
| 490 1# - SERIES STATEMENT |
| Series statement |
STP ; |
| 500 ## - GENERAL NOTE |
| General note |
"Contains papers presented at the symposium ... held in San Antonio, TX on 14-15 Nov. 1991"--Foreword |
| 500 ## - GENERAL NOTE |
| General note |
Sponsored by ASTM Committee E-35 on Pesticides and its Subcommittee E35.22 on Pesticide Formulations and Application Systems |
| 500 ## - GENERAL NOTE |
| General note |
"ASTM publication code number (PCN) 04-011120-48." |
| 650 #0 - SUBJECT ADDED ENTRY--TOPICAL TERM |
| Topical Term |
Pesticides |
| 650 #0 - SUBJECT ADDED ENTRY--TOPICAL TERM |
| Topical Term |
Pesticides |
| 700 1# - ADDED ENTRY--PERSONAL NAME |
| Personal name |
Bode, L. E |
| 700 1# - ADDED ENTRY--PERSONAL NAME |
| Personal name |
Chasin, D. G |
| 942 ## - ADDED ENTRY ELEMENTS (KOHA) |
| Koha item type |
សៀវភៅភាសាអង់គ្លេស |
| 952 ## - LOCATION AND ITEM INFORMATION (KOHA) |
| Withdrawn status [LOCAL, KOHA] |
0 |
| 952 ## - LOCATION AND ITEM INFORMATION (KOHA) |
| Withdrawn status [LOCAL, KOHA] |
0 |
| 952 ## - LOCATION AND ITEM INFORMATION (KOHA) |
| Withdrawn status [LOCAL, KOHA] |
0 |